| 000 | 00470nam a22001697a 4500 | ||
|---|---|---|---|
| 005 | 20251108170950.0 | ||
| 008 | 250721s1999 xx 000 0 ara d | ||
| 082 | 1 | 4 | _a591.6/عاد |
| 100 | 1 | _aحسين، عادل محمد علي الشيخ | |
| 245 | 1 | 0 | _aالحيوانات السامة / |
| 264 | 1 |
_aعمان : _bدار الضياء، _c1999. |
|
| 300 | _a140ص | ||
| 650 | 1 | 7 | _aالسموم |
| 650 | 1 | 7 | _aالحيوانات |
| 942 |
_2ddc _cBK |
||
| 999 |
_c53215 _d53215 |
||